Bão táp; T1
Bewaard in:
| Hoofdauteur: | |
|---|---|
| Formaat: | Boek |
| Taal: | Undetermined |
| Gepubliceerd in: |
Hà Nội
Văn Học
1984
|
| Onderwerpen: | |
| Tags: |
Voeg label toe
Geen labels, Wees de eerste die dit record labelt!
|
| Thư viện lưu trữ: | Trung tâm Học liệu Trường Đại học Cần Thơ |
|---|
| LEADER | 00516nam a2200181Ia 4500 | ||
|---|---|---|---|
| 001 | CTU_15879 | ||
| 008 | 210402s9999 xx 000 0 und d | ||
| 082 | |a 891.734 | ||
| 082 | |b E67/T1 | ||
| 100 | |a Bão táp; T1 | ||
| 245 | 0 | |a Bão táp; T1 | |
| 245 | 0 | |c Bão táp; T1, Ilya Erenbour; Dịch giả: Vũ Trần Phú | |
| 260 | |a Hà Nội | ||
| 260 | |b Văn Học | ||
| 260 | |c 1984 | ||
| 650 | |a russian fiction | ||
| 904 | |i Minh, 970428 | ||
| 980 | |a Trung tâm Học liệu Trường Đại học Cần Thơ | ||